Los tribunales contencioso administrativos: antecedentes para su estudio

Spremljeno u:
Bibliografski detalji
Autor kompanije: Junta de Gobierno de la República de Chile (Autor)
Format: Knjiga
Jezik:španjolski
Izdano: Santiago Armada de Chile 1982
Teme:
Oznake: Dodaj oznaku
Bez oznaka, Budi prvi tko označuje ovaj zapis!

MARC

LEADER 00000nam a2200000 a 4500
001 UCS0613
003 CL-VaPUC
008 970426e19820000CL |||||||||||||||||spa|d
082 0 4 |a 342.066  |b JUN  |2 21 
110 2 |a Junta de Gobierno de la República de Chile  |e author  |9 384313 
245 1 4 |a Los tribunales contencioso administrativos: antecedentes para su estudio 
300 |a 440 p 
942 |c BK 
945 |d 19970426 00:00:00  |a paguirre 
260 |a Santiago  |b Armada de Chile  |c 1982 
650 0 |a Derecho administrativo  |9 254851 
650 7 |a CONTENCIOSO ADMINISTRATIVO  |2 CL-VaPUC  |9 255490 
650 7 |a TRIBUNALES CONTENCIOSO ADMINISTRATIVOS  |2 CL-VaPUC  |9 384314 
650 0 |a Poder judicial  |9 254871 
650 7 |a LEGISLACION  |2 CL-VaPUC  |9 384315 
650 0 |a Administración pública   |9 255343 
650 0 |a Constituciones  |9 255417 
583 |a last modification  |c 19970426 00:00:00  |k Rodrigo Vera 
999 |c 258833  |d 258831 
952 |0 0  |1 0  |4 0  |6 342_066000000000000_JUN_1982  |7 0  |8 A  |9 283153  |a BIBDER  |b BIBDER  |d 2019-11-19  |i 1838571  |o 342.066 JUN 1982  |p 1838571  |r 2023-01-25  |w 2019-11-19  |y BK  |k DER